000 00779nam a2200193 a 4500
001 BRCA_2138
005 20190320203701.0
008 130808s1992----mx-#---###---#000-0#spa-#
050 4 _aF1391.P8
_b.L43 84
_c1992
100 1 _aHuerta Jaramillo, Ana María Dolores
_96399
245 1 0 _aLa alfarería poblana
_bsiglos XVI y XVII : el gremio y sus ordenanzas
_cAna Ma. D. Huerta Jaramillo.
260 _aPuebla, México
_bGobierno del Estado de Puebla : Secretaría de Cultura : Comisión Puebla V Centenario
_c1992
300 _a17 cm.
_c21 cm.
440 0 _aLecturas Históricas de Puebla
_n84
_96452
504 _aIncluye referencias bibliográficas
651 4 _aPuebla (México)
_xHistoria
_9409
651 4 _aPuebla (México)
_xAlfarería
_ySiglos XVI y XVII
_96453
942 _2lcc
_cB
999 _c1895
_d1895